[Event "Amager Spring C"]
[Site "Amager"]
[Date "2014.05.06"]
[Round "2"]
[White "Pedersen, Bo V"]
[Black "Kjemtrup, Niels Moller"]
[Result "1-0"]
[WhiteElo "1310"]
[BlackElo "1200"]
[PlyCount "97"]
[EventDate "2014.04.29"]
[EventType "tourn"]
[EventRounds "5"]
[EventCountry "DEN"]
[SourceTitle "EXT 2023"]
[Source "ChessBase"]
[SourceDate "2022.10.05"]
[SourceVersion "1"]
[SourceVersionDate "2022.10.05"]
[SourceQuality "1"]

1. d4 d5 2. c4 Nf6 3. Nc3 dxc4 4. e3 g6 5. Bxc4 a6 6. Nf3 Bg7 7. a4 0-0 8. 0-0 Bg4 9. Qe2 c6 10. Rd1 Nbd7 11. h3 Bxf3 12. Qxf3 b5 13. axb5 cxb5 14. Bb3 Nb6 15. e4 e6 16. Bf4 Nc4 17. Bxc4 bxc4 18. Qe2 Nh5 19. Be3 Qc7 20. e5 f5 21. exf6 Rxf6 22. Bg5 Nf4 23. Qe4 Rf5 24. Bh4 Raf8 25. Bg3 g5 26. Bxf4 Rxf4 27. Qxe6+ Qf7 28. Qxf7+ R8xf7 29. f3 Bxd4+ 30. Kf1 h5 31. Rxa6 Kg7 32. Ne2 R4f6 33. Ra4 Bxb2 34. Rxc4 Kg6 35. Ng3 Be5 36. Ne4 Rf4 37. Rc6+ Kg7 38. Nxg5 R7f6 39. Rxf6 Kxf6 40. Ne4+ Ke6 41. Kf2 h4 42. g3 Rxe4 43. fxe4 hxg3+ 44. Kg2 Kf6 45. Rf1+ Kg6 46. Rf3 Bd6 47. Rxg3+ Bxg3 48. Kxg3 Kf6 49. Kf4 1-0

[Event "Copenhagen Bronshoj op"]
[Site "Copenhagen"]
[Date "2014.02.09"]
[Round "4"]
[White "Pedersen, Bo V"]
[Black "Jorgensen, Orla Eilegaard"]
[Result "0-1"]
[WhiteElo "1597"]
[BlackElo "1593"]
[PlyCount "54"]
[EventDate "2014.02.07"]
[EventType "swiss"]
[EventRounds "7"]
[EventCountry "DEN"]
[SourceTitle "CBM 158 Extra"]
[Source "ChessBase"]
[SourceDate "2014.02.28"]
[SourceVersion "1"]
[SourceVersionDate "2014.02.28"]
[SourceQuality "1"]

1. d4 d5 2. c4 Nf6 3. Nc3 dxc4 4. Bg5 h6 5. Bh4 a6 6. a4 Bf5 7. e3 e6 8. Bxc4 Nc6 9. Bd3 Bxd3 10. Qxd3 Nb4 11. Qb1 c5 12. Nge2 cxd4 13. exd4 Qc7 14. Bxf6 gxf6 15. 0-0 Bd6 16. g3 h5 17. Ne4 h4 18. Nxf6+ Ke7 19. Ne4 hxg3 20. fxg3 f5 21. Nxd6 Qxd6 22. Qc1 Rac8 23. Qg5+ Kf7 24. Rac1 Nc2 25. Qd2 Qd5 26. Rxc2 Rxh2 27. Rc7+ Kf6 0-1

[Event "Copenhagen Bronshoj op"]
[Site "Copenhagen"]
[Date "2013.02.09"]
[Round "2"]
[White "Pedersen, Bo V"]
[Black "Moller, Arne Vagn"]
[Result "1/2-1/2"]
[WhiteElo "1685"]
[BlackElo "1862"]
[PlyCount "80"]
[EventDate "2013.02.08"]
[EventType "swiss"]
[EventRounds "7"]
[EventCountry "DEN"]
[SourceTitle "CBM 152 Extra"]
[Source "ChessBase"]
[SourceDate "2013.02.25"]
[SourceVersion "1"]
[SourceVersionDate "2013.02.25"]
[SourceQuality "1"]

1. d4 Nf6 2. c4 e6 3. Nc3 Bb4 4. e3 0-0 5. Nge2 b6 6. a3 Be7 7. Ng3 Bb7 8. e4 d6 9. Be2 Nbd7 10. 0-0 c5 11. Be3 a6 12. d5 Qc7 13. f4 Rae8 14. Qd2 exd5 15. cxd5 Bd8 16. b3 b5 17. b4 Qb8 18. Bf3 cxb4 19. axb4 Nb6 20. Bxb6 Bxb6+ 21. Kh1 Qd8 22. Qd3 Nd7 23. Nge2 f5 24. Nd4 Bxd4 25. Qxd4 fxe4 26. Bxe4 Nf6 27. Bf3 Qe7 28. Rac1 Qe3 29. Rcd1 Qxd4 30. Rxd4 Re3 31. Nd1 Re7 32. Kg1 Rfe8 33. Kf2 g6 34. h3 Kg7 35. g3 Nd7 36. Rd3 Nb6 37. Ne3 Rc7 38. Re1 Rec8 39. Bg4 Rf8 40. Be6 Nd7 1/2-1/2